|
|
|
|
| LEADER |
01253njm a2200421 a 4500 |
| 001 |
000265704 |
| 003 |
CZ BrMZK |
| 005 |
19950101143423.0 |
| 008 |
950101s1992 xr f cze d |
| 028 |
0 |
3 |
|a 01 0065-1 331
|b Monitor
|
| 040 |
|
|
|a BOA001
|b cze
|
| 080 |
|
|
|a 784.4.03"199"(086.7)
|2 MRF
|
| 110 |
2 |
|
|a XIII. století (hudební skupina)
|7 ko2004219517
|4 prf
|
| 245 |
1 |
0 |
|a Amulet
|h [zvukový záznam] /
|c XIII. století.
|
| 246 |
3 |
3 |
|a Oheň v kruhu
|
| 246 |
3 |
3 |
|a Praha
|
| 246 |
3 |
3 |
|a Růže a kříž
|
| 246 |
3 |
3 |
|a Transilvania
|
| 246 |
3 |
3 |
|a Tělo na kříži
|
| 246 |
3 |
3 |
|a Amulet
|
| 246 |
3 |
3 |
|a Bytosti
|
| 246 |
3 |
3 |
|a Demoniac
|
| 246 |
3 |
3 |
|a Hororový sen
|
| 246 |
3 |
3 |
|a Justina
|
| 246 |
3 |
3 |
|a Kníže temnoty
|
| 246 |
3 |
3 |
|a Modrý oči
|
| 246 |
3 |
3 |
|a Máte se hnout
|
| 246 |
3 |
3 |
|a Odešla
|
| 260 |
|
|
|a Praha :
|b Monitor,
|c p1992
|
| 300 |
|
|
|a 1 LP deska :
|b 33 ot/min, stereo ;
|c 30 cm
|
| 500 |
|
|
|a Durata neuv
|
| 500 |
|
|
|a Nahr. 1992
|
| 505 |
2 |
|
|a Amulet, Bytosti, Demoniac ... [et al.]
|
| 653 |
0 |
|
|a gotický rock
|a rocková hudba
|
| 910 |
|
|
|a BOA001
|b LP-0000.832
|
| 964 |
|
|
|a Hudba rocková
|z stol.20.,léta 90.
|x LP
|
| 990 |
|
|
|a AV
|
| 996 |
6 |
|
|b 261H000852
|c LP-0000.832
|l MZK
|r Sklad / do 24 hodin
|n 0
|w 000265704
|u 000010
|a 1
|e BOA001
|j MZK50
|s P
|